| 000 | 00808nam a22002537a 4500 | ||
|---|---|---|---|
| 003 | CO-ViMGA | ||
| 008 | 160901b xxu||||| |||| 00| 0 eng d | ||
| 020 | _a9789583032455 | ||
| 040 |
_aCO-ViMGA _bspa _cCO-ViMGA |
||
| 041 | _hEsp | ||
| 082 | 0 | 4 |
_a741 _bS717m |
| 100 | 1 |
_aSparrow, Keith _94931 |
|
| 245 | 1 | 0 |
_aMega Manga _bLa Guía Completa para el Dibujo Manga _c/ Keith Sparrow |
| 246 | _aMega Manga | ||
| 250 | _aPrimera | ||
| 260 |
_aBogotá D.C. Colombia _bPanamericana Editorial LTDA _c2007 |
||
| 300 |
_a288 p _b: il.; a Color |
||
| 500 | _aIncluye Índice | ||
| 650 | 1 | 4 |
_aCaricaturas _vDibujos _xTécnicas _94934 |
| 650 | 1 | 4 |
_aManga _vCómic Japonés _xTécnicas _94932 |
| 650 | 1 | 4 |
_aTiras Cómicas _vHistorietas _xTécnicas _94933 |
| 710 |
_aAxis Publishing Limited _94935 |
||
| 942 |
_2ddc _cBK |
||
| 999 |
_c35864 _d35864 |
||